000 01394cam a22003617a 4500
003 CHAP
005 20220329142831.0
008 040607d1990 mx r 00110 spa d
010 _a88442
011 _a89414
035 _a99965
040 _cCHAP
090 _aTesis
100 0 0 _aEnciso Serrano, Arturo
_936765
245 1 0 _aEfecto de tres diferentes progestagenos sobre los modelos de secreción de hormona luteinizante y progesterona en vacas Bos taurus x Bos indicus en el trópico humedo
_c/por Arturo Enciso Serrano
260 _aMéxico, D.F. :
_bEl autor,
_c1990.
300 _a99 h. ;
_bgráfs.
502 _aTesis (Maestro en Producción Animal) -- Universidad Nacional Autónoma de México. Facultad de Medicina Veterinaria y Zootecnia
590 _aALEPH
_b10
_c20130110
_lUCH01
_h1458
590 _aBATCH-UPD
_b10
_c20130110
_lUCH01
_h1628
590 _aBATCH-UPD
_b10
_c20130410
_lUCH01
_h1021
590 _aBATCH-UPD
_b10
_c20130914
_lUCH01
_h1305
590 _aCONVERSION
_b10
_c20130109
_lUCH01
_h1349
650 1 4 _aGanado vacuno
_xReproducción.
_945510
650 1 4 _aHormonas
_xEfecto en animales domésticos.
_956236
650 1 4 _aProgesterona.
_992245
650 1 4 _aProstaglandina.
_992434
650 1 4 _aSincronización del celo.
_9106556
901 _aBK
905 _aAlejandra Carrasco M.
942 _cTESIS
949 _aTesis
_bBC
_cTES
_d999651
_eTS1
_h42007
_i99965
_sb
999 _c88442
_d88442